01303 a2200193 45000010006000000050017000060080041000230030015000640400040000790800033001192450035001520200018001872640058002053000017002635050699002800410008009791000027009878560095010145712720260407155834.0260407a1992 arg spa dAR-UNSa-BCEJYS aAR-UNSa-BCEJYSbspacAR-UNSa-BCEJYS a1xFilosofía. Psicología10aPopper y las ciencias sociales a950-25-2085-8 1aBuenos Aires :bCentro Editor de America Latinac1992 a2 v.c18 cm. a1. La base empírica y las estrategias cualitativas de investigación social – 2. El utilitarismo negativo – 3. Acción humana y ley; crítica a la unidad metodológica de las ciencias – 4. ¿Epistemología sin sujeto cognoscente? – 5. Critica a las objeciones de Popper contra el materialismo histórico – 6. Explicación y profecía de Marx: critica a la crítica de Popper – 7. El racionalismo crítico y la fundamentación de la ética – 8. Teoría de la ciencia, praxis social y actividad científica. En torno a la disputa “cientificismo vs. normativismo” – 9. Epistemología, democracia y tolerancia – 10. ¿Es el psicoanálisis una pseudo-ciencia? aspa1 aApezechea, Héctor J.41uhttps://biblioeco.unsa.edu.ar/pmb/images/libros/L128736.jpgyImagen de portadaqimage/jpeg